Every Country with Territory in Africa - Statistics

General Stats
  • This quiz has been taken 98 times
    72 since last reset
  • The average score is 47 of 60
Answer Stats
Hint Answer % Correct
Non African Country Spain (Canary Islands, Ceuta, and Melilla)
89%
Non African Country Portugal (Madeira)
88%
African Country Egypt
86%
Non African Country France (Mayotte and Reunion)
86%
African Country Morocco
86%
African Country Algeria
84%
African Country Chad
84%
African Country Benin
82%
African Country Central African Republic
82%
African Country Ghana
82%
African Country Libya
82%
African Country Niger
82%
African Country Nigeria
82%
African Country South Sudan
82%
African Country Sudan
82%
African Country Togo
82%
African Country Tunisia
82%
African Country Democratic Republic of the Congo
80%
African Country Ethiopia
80%
African Country Guinea
80%
African Country Madagascar
80%
African Country Mali
80%
African Country Mauritania
80%
African Country Republic of the Congo
80%
African Country South Africa
80%
African Country Uganda
80%
African Country Burundi
79%
African Country Gambia
79%
African Country Mauritius
79%
African Country Seychelles
79%
African Country Zimbabwe
79%
African Country Angola
77%
African Country Botswana
77%
African Country Comoros
77%
African Country Djibouti
77%
African Country Equatorial Guinea
77%
African Country Eritrea
77%
African Country Eswatini
77%
African Country Gabon
77%
African Country Guinea-Bissau
77%
African Country Kenya
77%
African Country Lesotho
77%
African Country Liberia
77%
African Country Malawi
77%
African Country Namibia
77%
African Country Rwanda
77%
African Country Sao Tome & Principe
77%
African Country Sierra Leone
77%
African Country Somalia
77%
African Country Tanzania
77%
African Country Zambia
77%
African Country Cape Verde
75%
African Country Ivory Coast
75%
African Country Mozambique
75%
African Country Senegal
75%
African Country Cameroon
73%
Non African Country Italy (Pelagie Islands)
73%
Non African Country Yemen (Scotra)
73%
African Country Burkina Faso
71%
Non African Country United Kingdom (St Helena, Ascension, and Tristan
36%
No matching quizzes found
Score Distribution
Percent of People with Each Score
Percentile by Number Answered
Your Score History
You have not taken this quiz since the last reset